| 000 | 02080cam0 2200445 ib4500 | ||
|---|---|---|---|
| 001 | BY-MI0000-br2147993996 | ||
| 005 | 20260326104449.0 | ||
| 010 |
^a978-5-389-06241-2 ^bв переплете |
||
| 035 | ^a(BY-MI0000)BY-MI0000-br2147993996 | ||
| 100 | ^a20260318d2019 d y0rusy50 ca | ||
| 101 | 1 |
^arus ^cita |
|
| 102 | ^aRU | ||
| 105 | ^aa z 000ay | ||
| 109 | ^ama | ||
| 181 | 0 | ^ai3 | |
| 181 | 0 |
^ab1 ^b b2e |
|
| 182 | 0 | ^an | |
| 200 | 1 |
^aАгата Мистери. Загадка фараона ^e[роман ^eдля среднего школьного возраста] ^fСтив Стивенсон ^gиллюстрации С. Туркони ^gперевод с итальянского Е. Даровской |
|
| 203 |
^aТекст ^aИзображение ^bнеподвижное ^bдвухмерное ^cнепосредственные |
||
| 210 |
^aСанкт-Петербург ^cАзбука ^cАзбука-Аттикус ^d2019 |
||
| 215 |
^a124, [2] с. ^cил. ^d22 см |
||
| 225 | 1 |
^aСерия "Девочка-детектив" ^vкн. 1 |
|
| 333 | ^a6+ | ||
| 345 | ^95000 экз. | ||
| 606 |
^aИТАЛЬЯНСКАЯ ЛИТЕРАТУРА ^3BY-NLB-ar12480 ^2DVNLB |
||
| 606 |
^aЗАРУБЕЖНАЯ ЛИТЕРАТУРА ^3BY-NLB-ar10779 ^2DVNLB |
||
| 606 |
^aХУДОЖЕСТВЕННАЯ ЛИТЕРАТУРА ^3BY-NLB-ar37179 ^2DVNLB |
||
| 608 |
^aРОМАН ^3BY-NLB-ar92012 ^2BYGNR |
||
| 608 |
^aПРОЗА (лит. произведение) ^3BY-NLB-ar2648148 ^2BYGNR |
||
| 608 |
^aДЕТСКАЯ И ЮНОШЕСКАЯ ЛИТЕРАТУРА (художеств. произведение) ^3BY-NLB-ar9019 ^2BYGNR |
||
| 686 |
^a84(4Ита)-4 ^2rubbk |
||
| 690 |
^a1 ^2Base ^9BY-MI0000 ^xRSEK |
||
| 700 | 1 |
^aСтивенсон ^bС. |
|
| 702 | 1 |
^aДаровская ^bЕ. Ф. ^gЕкатерина Федоровна ^cпереводчица ^3BY-SEK-ar5676870 ^4730 |
|
| 702 | 1 |
^aТуркони ^bС. ^4440 |
|
| 801 | 0 |
^aBY ^bBY-MI0000 ^c20260318 ^gRCR |
|
| 899 | 0 |
^aBY-MI0000 ^iС80 ^h84(4Ита) |
|